02021cam a2200433 450000100060000000300080000600500170001400800410003103000110007203500180008304000290010104100080013006000130013808200270015111100450017824500750022324600460029826000510034426000530039530000210044849000600046950000470052955000910057665000480066765000350071565000480075065000270079865000280082565000330085370000310088671000790091777601340099677601070113078001600123793600150139794200120141299900170142495201460144129930BD-RjUL20211209051501.0140408s1955 nbuar 1 a0eng d aNSMPB3 aBD-RjUL)30015 aNSDPbengcNSDPdBD-RjUL aeng00aW3bNE1604a159.4082bNEB V-3 19552 aNebraska Symposium on Motivation.99115510aNebraska Symposium on Motivation /cEd. Marshall, R. JonesnVolume III13aCurrent theory and research in motivation a[Lincoln, Neb.]bUniversity of Nebraska Press.3 aLincoln :bUniversity of Nebraska Press,c1955. av.bill.c23 cm. 0aThe Series in Current Theory and Ressarch in Motivation aSome issues have also a distinctive title. aSymposia for 1954- sponsored by the Dept. of Psychology of the University of Nebraska. 0aMotivation (Psychology)vCongresses.991060 2aMotivationvCongresses.991061 6aMotivation (Psychologie)vCongrès.99106217aMotivatie.2gtt99106307aMotivation.2swd99106407aAufsatzsammlung.2swd9214601 a Jones Marshall, R.9910652 aUniversity of Nebraska (Lincoln campus).bDepartment of Psychology.99106608iOnline version: Nebraska Symposium on Motivation.tNebraska Symposium on Motivationx0146-7875w(DLC) 53011655w(OCoLC)5864899708iOnline version:aNebraska Symposium on Motivation.tNebraska Symposium on Motivationw(OCoLC)60415653800aCurrent Theory and Research in Motivation (Symposium).tCurrent theory and research in motivation, a symposiumx0070-2099w(DLC)sf 82004059w(OCoLC)2260043 a2003a1954 2ddccBK c29930d29930 00102ddc40728NFICaRUCLbRUCLcReadingd1965-02-12eZitlingerg240.00l0o159.4082 NEB V-3 1955r2014-04-08 00:00:00tC-1w2014-04-08yBK